প্রবাসী পএিকায় মুুসলমান সমাজ : (Record no. 77793)
[ view plain ]
| 000 -LEADER | |
|---|---|
| fixed length control field | 02297nam a2200325 a 4500 |
| 001 - CONTROL NUMBER | |
| control field | 77793 |
| 003 - CONTROL NUMBER IDENTIFIER | |
| rucl marc code | BD-RjUL |
| 005 - DATE AND TIME OF LATEST TRANSACTION | |
| control field | 20211209083027.0 |
| 008 - FIXED-LENGTH DATA ELEMENTS--GENERAL INFORMATION | |
| fixed length control field | 210114s 2004bg a|||| m||| 00| 0 ben d |
| 035 ## - SYSTEM CONTROL NUMBER | |
| System control number | (BD-RjUL)78019 |
| 040 ## - CATALOGING SOURCE | |
| Original cataloging agency | BD-RjUL |
| Language of cataloging | ben /eng |
| Transcribing agency | BD-RjUL |
| Modifying agency | BD-RjUL |
| 041 ## - LANGUAGE CODE | |
| Language code of text/sound track or separate title | ben |
| 082 ## - DEWEY DECIMAL CLASSIFICATION NUMBER | |
| Classification number | 954.035 |
| Author mark and year | SAP 2004 |
| Edition number | 23 |
| 100 ## - MAIN ENTRY--PERSONAL NAME | |
| Personal name | সরকার, মো. শাহাদত হোসেন |
| 9 (RLIN) | 243583 |
| 245 10 - TITLE STATEMENT | |
| Title | প্রবাসী পএিকায় মুুসলমান সমাজ : |
| Remainder of title | ১৯০১ -১৯৪৭ / |
| Statement of responsibility, etc. | মো. শাহাদত হোসেন সরকার ; |
| Linkage | গবেষণা তত্ত্বাবধায়ক : মুহম্মদ নুরুল কাইয়ুম ; সহ গবেষণা তত্ত্বাবধায়ক : মুহম্মদ ওয়াজেদ আলী |
| 260 ## - PUBLICATION, DISTRIBUTION, ETC. (IMPRINT) | |
| Place of publication, distribution, etc. | রাজশাহী : |
| Name of publisher, distributor, etc. | ইতিহাস বিভাগ, রাজশাহী বিশ্ববিদ্যালয়, |
| Date of publication, distribution, etc. | ২০০৪ |
| 300 ## - PHYSICAL DESCRIPTION | |
| Pagination | [২], ৩১০ পাতা : |
| Illustrations | চিএ ; |
| Size | ২৯ সেমি. |
| 502 ## - DISSERTATION NOTE | |
| Dissertation note | থিসিস (পিএইচ,ডি.) -- ইতিহাস বিভাগ, রাজশাহী বিশ্ববিদ্যালয়, ২০০৪ |
| 504 ## - BIBLIOGRAPHY, ETC. NOTE | |
| Bibliography, etc | গ্রন্থপঞ্জী পাতা : ২৯০ -৩১০ |
| 600 ## - SUBJECT ADDED ENTRY--PERSONAL NAME | |
| Personal name | |
| 650 ## - SUBJECT ADDED ENTRY--TOPICAL TERM | |
| Topical term or geographic name as entry element | গণমাধ্যমে মুসলমান |
| Geographic subdivision | ভারত |
| -- | বঙ্গ |
| Chronological subdivision | ১৯০১ -১৯৪৭ |
| 9 (RLIN) | 243619 |
| Topical term or geographic name as entry element | Muslims in mass media |
| Geographic subdivision | India |
| -- | Bengal |
| Chronological subdivision | 1901-1947 |
| 9 (RLIN) | 243620 |
| 651 ## - SUBJECT ADDED ENTRY--GEOGRAPHIC NAME | |
| Geographic name | ভারত |
| Geographic subdivision | বঙ্গ |
| General subdivision | রাজনীতি এবং সরকার |
| Chronological subdivision | ১৯০১ -১৯৪৭ |
| 9 (RLIN) | 243623 |
| Geographic subdivision | Bengal |
| General subdivision | Politics and government |
| Chronological subdivision | 1901-1947 |
| 9 (RLIN) | 243624 |
| Geographic name | ভারত |
| Geographic subdivision | বঙ্গ |
| General subdivision | সামাজিক পরিস্থিতি |
| Chronological subdivision | ১৯০১ -১৯৪৭ |
| 9 (RLIN) | 243625 |
| Geographic name | India |
| Geographic subdivision | Bengal |
| General subdivision | Social conditions |
| Chronological subdivision | 1901-1947 |
| 9 (RLIN) | 243626 |
| 700 ## - ADDED ENTRY--PERSONAL NAME | |
| Personal name | কাইয়ুম, মুহম্মদ নুরুল, গবেষণা তত্ত্বাবধায়ক |
| Personal name | আলী, মুহম্মদ ওয়াজেদ, সহ গবেষণা তত্ত্বাবধায়ক |
| 942 ## - ADDED ENTRY ELEMENTS (KOHA) | |
| Source of classification or shelving scheme | Dewey Decimal Classification |
| Koha item type | Theses |
| Lost status | Source of classification or shelving scheme | Damaged status | Not for loan | Collection code | Permanent Location | Current Location | Shelving location | Date acquired | Source of acquisition | Total Checkouts | Full call number | Date last seen | Copy number | Koha item type |
|---|---|---|---|---|---|---|---|---|---|---|---|---|---|---|
| Dewey Decimal Classification | Not For Loan | Theses | Central Library, University of Rajshahi | Central Library, University of Rajshahi | Documentation Section | 21/07/2005 | Controller of Exam. , R. U. | BTHE 954.035 SAP 2004 | 14/01/2021 | C-1 | Theses |